| 000 | 00543nam a2200205Ia 4500 | ||
|---|---|---|---|
| 005 | 20250508162314.0 | ||
| 008 | 008 250505s9999 xx 000 0 eng d | ||
| 020 | _a0-679-30251-4 | ||
| 037 | _aTextual | ||
| 040 |
_aFEDL _beng _cFEDL |
||
| 041 |
_aeng _2eng |
||
| 084 |
_a370.193, CAR _qFEDL |
||
| 100 | _aCarnoy Martin | ||
| 245 | 0 | _aEducation as cultural imperialism | |
| 260 |
_aNew York, USA _bLongman _c1974 |
||
| 300 | _a378p | ||
| 650 | _aEducation | ||
| 942 |
_cTEXL _h370.193, CAR |
||
| 999 |
_c1375726 _d1375726 |
||